Normal view MARC view
  • Rogers, Gordon

Entry Personal Name

Number of records used in: 3

001 - CONTROL NUMBER

  • control field: 83518

003 - CONTROL NUMBER IDENTIFIER

  • control field: NUST

005 - DATE AND TIME OF LATEST TRANSACTION

  • control field: 20211028103634.0

008 - FIXED-LENGTH DATA ELEMENTS

  • fixed length control field: 211028|| aca||aabn | a|a d

040 ## - CATALOGING SOURCE

  • Original cataloging agency: NUST
  • Transcribing agency: NUST

100 ## - HEADING--PERSONAL NAME

  • Personal name: Rogers, Gordon

670 ## - SOURCE DATA FOUND

  • Source citation: Work cat.: (NUST)33141: Rogers, Gordon. , Engineering Thermodynamics Work and Heat Transfer, 2011.
© 2023 Central Library, National University of Sciences and Technology. All Rights Reserved.